000 00371nam a2200157Ia 4500
008 230917s9999||||xx |||||||||||||| ||und||
040 _e41898
_aMAIN
041 _aEnglish
082 _a820.9 B318G
100 _aBateson, F W
245 0 _aGuide to English literature
250 _a2nd ed.
260 _aLondon
_bLongman
_c1966
300 _axi, 260 p.
942 _cBK
999 _c142640
_d142640